<?xml version="1.0" encoding="UTF-8"?>
<marc:record xmlns:marc="http://www.loc.gov/MARC21/slim">
   <marc:leader>00000nam a2200000 a 4500</marc:leader>
   <marc:datafield ind1="1" ind2=" " tag="100">
      <marc:subfield code="a">Fuchs, Martina</marc:subfield>
      <marc:subfield code="4">aut</marc:subfield>
      <marc:subfield code="e">Verfasser/-in</marc:subfield>
   </marc:datafield>
   <marc:datafield ind1="1" ind2=" " tag="100">
      <marc:subfield code="a">Ofner, Agnes</marc:subfield>
   </marc:datafield>
   <marc:datafield ind1=" " ind2=" " tag="653">
      <marc:subfield code="a">Körper</marc:subfield>
   </marc:datafield>
   <marc:datafield ind1=" " ind2=" " tag="653">
      <marc:subfield code="a">Bakterie</marc:subfield>
   </marc:datafield>
   <marc:datafield ind1="0" ind2="0" tag="245">
      <marc:subfield code="a">Klarissa von und zu Karies</marc:subfield>
   </marc:datafield>
   <marc:datafield ind1="0" ind2="0" tag="245">
      <marc:subfield code="b">vom Leben und Wirken einer Bakterie</marc:subfield>
   </marc:datafield>
   <marc:datafield ind1="0" ind2="0" tag="245">
      <marc:subfield code="c">Martina Fuchs. Agnes Ofner</marc:subfield>
   </marc:datafield>
   <marc:datafield ind1=" " ind2="1" tag="264">
      <marc:subfield code="a">Innsbruck-Wien</marc:subfield>
      <marc:subfield code="b">Tyrolia</marc:subfield>
      <marc:subfield code="c">2019</marc:subfield>
   </marc:datafield>
   <marc:datafield ind1="1" ind2=" " tag="520">
      <marc:subfield code="a">Faszinierender Einblick in die Welt der Bakterien&lt;br/&gt;&lt;br/&gt;Es gibt sie in unzähligen Formen - als kleine Heftchen, als Infoblätter, als Handy-Apps: die Information, wie unsere Zähne am gründlichsten zu putzen seien und wie wir den kleinen Bösewichten in unserem Mund am effizientesten zu Leibe rücken können. Doch kaum jemand weiß, wie Karies im Detail entsteht und wer genau daran beteiligt ist. Und schon war er gefunden, der nächste Antiheld für unsere mittlerweile gut bekannte Sachbilderbuchreihe - oder genauer: die nächste Antiheldin.&lt;br/&gt;&lt;br/&gt;Diesmal ist es Klarissa von und zu Karies, die aus ihrem Nähkästchen plaudert. Sie entführt in die faszinierende Welt der Bakterien, die mittlerweile ihres jahrelang propagierten schlechten Images entledigt und mit ganz neuen Augen betrachtet werden. Größtenteils nützlich sollen sie sein und unser Leben ermöglichen.&lt;br/&gt;&lt;br/&gt;"Ts!", Klarissa weiß sich davon abzugrenzen, denn Helfen ist wahrlich nicht ihr primäres Ziel. Dann schon eher Fressen, vor allem Kohlenhydrate, und die fliegen ihr beinahe wortwörtlich direkt "in den Mund". Nicht viel zu tun für die gute Dame und das ist ganz nach ihrem Sinne. Dass ihre dabei erzeugte Säure Löcher in den Zahnschmelz fräst (der härtesten Substanz des menschlichen Körpers), ist eine Nebenwirkung, die sie eigentlich ziemlich kalt lässt. Uns nicht. Karies wird uns auch nach der Lektüre des Buches schmerzen, aber zumindest wissen wir dann, warum.</marc:subfield>
   </marc:datafield>
   <marc:datafield ind1=" " ind2=" " tag="020">
      <marc:subfield code="a">9783702237394</marc:subfield>
      <marc:subfield code="9">9783702237394</marc:subfield>
   </marc:datafield>
   <marc:datafield ind1=" " ind2=" " tag="041">
      <marc:subfield code="a">ger</marc:subfield>
   </marc:datafield>
   <marc:datafield ind1=" " ind2=" " tag="300">
      <marc:subfield code="b">Durchgehend farbig illustriert.</marc:subfield>
   </marc:datafield>
   <marc:datafield ind1="1" ind2=" " tag="521">
      <marc:subfield code="a">0</marc:subfield>
   </marc:datafield>
   <marc:datafield ind1=" " ind2=" " tag="300">
      <marc:subfield code="a">26 Seiten</marc:subfield>
   </marc:datafield>
</marc:record>
